|
|
|
|
| LEADER |
00000nam0a2200000 4500 |
| 001 |
341194 |
| 005 |
20231102005323.0 |
| 010 |
|
|
|a 5818303489
|
| 035 |
|
|
|a (RuTPU)RU\TPU\book\368691
|
| 090 |
|
|
|a 341194
|
| 100 |
|
|
|a 20180704d2001 km y0rusy50 ca
|
| 101 |
1 |
|
|a rus
|c eng
|
| 102 |
|
|
|a RU
|
| 105 |
|
|
|a y z 000zy
|
| 200 |
1 |
|
|a 101 ключевая идея: психология
|e пер. с англ.
|f Д. Робинсон
|
| 210 |
|
|
|a Москва
|c ФАИР-ПРЕСС
|d 2001
|
| 215 |
|
|
|a 215 с.
|
| 225 |
1 |
|
|a Грандиозный мир
|
| 330 |
|
|
|a Цель этой книги — доступным и увлекательным образом познакомить читателя с психологией. Здесь объясняется 101 ключевой термин, часто встречающийся в литературе по данной отрасли знаний. Для удобства статьи идут в алфавитном порядке. Причем от читателя почти не требуется никаких специальных знаний или подготовки. Книга будет полезна для всех: и для широкого круга читателей, и для тех, кто готовится к поступлению в высшие учебные заведения, и для тех, кто уже в них учится.
|
| 606 |
1 |
|
|a Психология общая
|2 stltpush
|3 (RuTPU)RU\TPU\subj\53137
|9 71487
|
| 610 |
1 |
|
|a психологические основы
|
| 610 |
1 |
|
|a психологические знания
|
| 610 |
1 |
|
|a психологические методики
|
| 610 |
1 |
|
|a психологические методы
|
| 610 |
1 |
|
|a психологические направления
|
| 610 |
1 |
|
|a агрессия
|
| 610 |
1 |
|
|a атрибуция
|
| 610 |
1 |
|
|a аутизм
|
| 610 |
1 |
|
|a биопсихология
|
| 610 |
1 |
|
|a бихевиоризм
|
| 610 |
1 |
|
|a социальная психология
|
| 610 |
1 |
|
|a межличностное общение
|
| 610 |
1 |
|
|a гештальтпсихология
|
| 610 |
1 |
|
|a гуманистическая психология
|
| 610 |
1 |
|
|a когнитивная психология
|
| 610 |
1 |
|
|a клиническая психология
|
| 610 |
1 |
|
|a стрессовые ситуации
|
| 610 |
1 |
|
|a лидерство
|
| 610 |
1 |
|
|a умственное развитие
|
| 610 |
1 |
|
|a парапсихология
|
| 610 |
1 |
|
|a детская психология
|
| 610 |
1 |
|
|a подростковый возраст
|
| 610 |
1 |
|
|a спортивная психология
|
| 610 |
1 |
|
|a судебная психология
|
| 610 |
1 |
|
|a психотерапия
|
| 686 |
|
|
|a Ю93
|v LBC/SL-A
|2 rubbk
|
| 700 |
|
1 |
|a Робинсон
|b Д.
|g Дейв
|
| 801 |
|
1 |
|a RU
|b 63413507
|c 20180704
|
| 801 |
|
2 |
|a RU
|b 63413507
|c 20180903
|g RCR
|
| 942 |
|
|
|c BK
|